Welcome to the Holygrace Academy Library

Please use search bar below to get started

THE HARDY BOYS - FOUL PLAY (Record no. 7812)

MARC details
000 -LEADER
fixed length control field 00582nam a22001457a 4500
020 ## - INTERNATIONAL STANDARD BOOK NUMBER
ISBN 978-1-4169-4977-0
082 ## - DEWEY DECIMAL CLASSIFICATION NUMBER
Classification number 823
Item number DIX/H
100 ## - MAIN ENTRY--AUTHOR NAME
Personal name DIXON, FRANKLIN W
245 ## - TITLE STATEMENT
Title THE HARDY BOYS - FOUL PLAY
260 ## - PUBLICATION, DISTRIBUTION, ETC. (IMPRINT)
Place of publication NEW YORK
Name of publisher ALADDIN PAPERBACKS
Year of publication 2007
300 ## - PHYSICAL DESCRIPTION
Number of Pages 184
520 ## - SUMMARY, ETC.
Summary, etc Foul Play sees the Hardy Boys solve a mysterious gambling racket at a college football team. Joe goes undercover on the team and Frank becomes an undercover water boy. This is one of the more interesting story lines and the action is good.
650 ## - SUBJECT ADDED ENTRY--TOPICAL TERM
Topical Term MYSTERY STORY
Geographic subdivision UNITED STATES
942 ## - ADDED ENTRY ELEMENTS (KOHA)
Koha item type Books
Holdings
Withdrawn status Lost status Collection code Home library Current library Shelving location Date acquired Source of acquisition Cost, normal purchase price Full call number Accession Number Koha item type
    Fiction Main Library Main Library NEW SHELF WITH NEW ENTRY 20/11/2023 purchase 250.00 823 DIX/H 13399 Books